00508 2200181 4500001002100000005001500021035002000036245008400056100001900140260003100159300003000190020002100220084001400241082000800255650001000263008004100273990001200314INLIS00000000000270220251007090916 a0010-09250000491 aHiduplah Seperti Air Mengalir: Makna Berbagai Jenis Air Islam /cOtong Surasman aOtong Surasman aJakarta :bErlangga,c2013 a137 hlm ;c(14,5 x 21 cm) a978-602241-140-6 a200 OTO h a200 4aFiksi251007 0  a0754904